000 00653nam a22002297a 4500
003 UA-OsUOA
001 48023
007 ta
008 20070827b un ||||| |||| 00| 0 ukr d
090 _a947.1/9(471.62)
_bК88
942 _cBK
040 _aUA-OsUOA
_brus
_cUA-OsUOA
_dUA-OsUOA
245 _aКубань-Украина
300 _a207 с.
955 _a1
041 _arus
080 _a947.1/9(471.62)
260 _aКраснодар
_c2006
246 3 1 _aВопросы историко-культурного взаимодействия
_n
650 7 _a9 Географія. Біографії. Історія
_2UDC
999 _c334134
_d334134